|
|
|
|
| LEADER |
01410nam a2200337 a 4500 |
| 001 |
29303 |
| 003 |
BD-DhAAL |
| 005 |
20150526163134.0 |
| 008 |
150526s2001 nyuab b 001 0 eng |
| 010 |
|
|
|a 00051341
|
| 020 |
|
|
|a 9780142001257 (pbk.)
|
| 020 |
|
|
|a 0670899852 (alk. paper)
|
| 040 |
|
|
|a DLC
|c DLC
|d DLC
|d BD-DhAAL
|
| 043 |
|
|
|a e-uk---
|
| 050 |
0 |
0 |
|a DA315
|b .B83 2001
|
| 082 |
0 |
0 |
|a 942.05
|2 21
|
| 100 |
1 |
|
|a Brigden, Susan,
|d 1951-
|9 11454
|
| 245 |
1 |
0 |
|a New worlds, lost worlds :
|b the rule of the Tudors, 1485-1603 /
|c Susan Brigden.
|
| 250 |
|
|
|a 1st American ed.
|
| 260 |
|
|
|a New York :
|b Viking,
|c 2001.
|
| 300 |
|
|
|a xiii, 433 p. :
|b ill., maps ;
|c 24 cm.
|
| 490 |
|
4 |
|a The Penguin history of Britain ;
|v 5
|
| 504 |
|
|
|a Includes bibliographical references and index.
|
| 541 |
|
|
|e 29303
|
| 600 |
3 |
0 |
|a Tudor, House of.
|9 11455
|
| 651 |
|
0 |
|a Great Britain
|x History
|y Tudors, 1485-1603.
|9 11456
|
| 651 |
|
0 |
|a Great Britain
|x Politics and government
|y 1485-1603.
|9 11457
|
| 942 |
|
|
|2 ddc
|c BK
|
| 999 |
|
|
|c 34530
|d 34530
|
| 952 |
|
|
|0 0
|1 0
|2 ddc
|4 0
|6 942_050000000000000_BRI
|7 0
|9 53914
|a BRACUL
|b BRACUL
|c GEN
|d 2015-05-26
|e Riza Enterprise
|g 1900.00
|l 4
|m 19
|o 942.05 BRI
|p 3010029303
|r 2025-06-22
|s 2025-05-27
|t 1
|w 2015-05-26
|y BK
|
| 952 |
|
|
|0 0
|1 0
|2 ddc
|4 0
|6 942_050000000000000_BRI
|7 0
|9 54814
|a BRACUL
|b BRACUL
|c GEN
|d 2015-07-07
|e Riza Enterprise
|g 1900.00
|l 2
|m 2
|o 942.05 BRI
|p 3010029463
|r 2026-01-17
|s 2026-01-07
|t 1
|w 2015-07-07
|y BK
|